Zariadenie na optické snímanie informačnej roviny. G 11B 7/08

Bibliographic Details
Main Author: Bressers, Andreas Johannes Maria (Author)
Format: Book
Language:Undetermined
PhysicalDescription:9 s.
Published: Banská Bystrica Úrad priemyselného vlastníctva SR 1997

MARC

LEADER 00000nam a2200000 a 4500
001 vtls001223919
003 SK-MaSNL
005 20260301194942.0
008 240313s1997 xo 0 und
035 |a SNK000170178 
040 |a SNK  |b slo  |c SNK  |e AACR2 
044 |a xo  |c SK 
100 1 |a Bressers, Andreas Johannes Maria  |4 aut  |9 576255 
245 1 |a Zariadenie na optické snímanie informačnej roviny. G 11B 7/08 
260 |a Banská Bystrica  |b Úrad priemyselného vlastníctva SR  |c 1997 
300 |a 9 s. 
999 |c 883680  |d 885610 
952 |t P60, <04>, [BOOK], {604}  |a SNK  |b SNK  |y VYP  |7 0  |p 17A0052995  |o snkSK 278407  |i snkPS 69/97  |0 0  |1 0  |4 0  |d 1997-04-25  |l 0  |r 2005-01-01 00:00:00  |w 2026-02-24